Cases in accounting policy /

Bibliographic Details
Main Author: Harlan, Neil E.
Format: Book
Language:English
Published: Englewood Cliffs, N.J. : Prentice-Hall, 1961.
Subjects:

MARC

Tag First Indicator Second Indicator Subfields
LEADER 00000cam a2200000 4500
001 in00000208564
005 20151009060022.0
008 730607s1961 nju 00010 eng
010 |a  61014393  
035 |a (OCoLC)00638375 
035 |9 AAX2448AM 
040 |c CPL  |d TXA  |d UtOrBLW 
049 |a TXAM  |c [466113] 
050 0 0 |a HF5661  |b .H2 
082 0 |a 658.15 
100 1 |a Harlan, Neil E. 
245 1 0 |a Cases in accounting policy /  |c [by] Neil E. Harlan [and] Richard F. Vancil. 
264 1 |a Englewood Cliffs, N.J. :  |b Prentice-Hall,  |c 1961. 
300 |a 433 pages ;  |c 24 cm. 
336 |a text  |b txt  |2 rdacontent 
337 |a unmediated  |b n  |2 rdamedia 
338 |a volume  |b nc  |2 rdacarrier 
650 0 |a Accounting  |v Problems, exercises, etc. 
999 |a MARS 
999 f f |s fa2b1467-d1e6-30f0-bb8c-8f0cd4e5847f  |i 74c7641c-6386-344c-b6f5-41adf93c5c7a  |t 0 
952 f f |p ric  |a Texas A&M University  |b Rellis Campus  |c Joint Library Facility  |d Remote Storage  |t 0  |e HF5661 .H2  |h Library of Congress classification  |i unmediated -- volume  |m A14802837816 
998 f f |a HF5661 .H2  |t 0  |l Remote Storage